| 000 | 00689nam a2200193Ia 4500 | ||
|---|---|---|---|
| 003 | GCL | ||
| 008 | 140319s9999 xx 000 0 ara d | ||
| 040 |
_aGCL / _cGCL |
||
| 082 | 0 | 4 |
_a782.1 _bف ا |
| 100 | 1 | _aابراهيم رفعت باشا | |
| 245 | 1 | 0 |
_aاوبرا لاترافياتا (غادة الكاميليا) (هدية من الاديب عبدالفتاح الجمل) / _cابراهيم رفعت باشا |
| 700 | 1 | _aفردى | |
| 490 |
_aالهيئة العامة للاستعلامات _v0 |
||
| 650 | 0 | 4 | _aالمسرحيات |
| 650 | 0 | 4 | _aالموسيقى المسرحية |
| 650 | 0 | 4 | _aالاوبرا |
| 650 | 0 | 4 | _aالاعمال الموسيقية |
| 942 |
_2ddc _cBK |
||
| 999 |
_c47231 _d47231 |
||